<?xml version="1.0" encoding="UTF-8"?>
<collection xmlns="http://www.loc.gov/MARC21/slim">
  <record>
    <leader>00000nam  2200000   4500</leader>
    <controlfield tag="001">INLIS000000000001392</controlfield>
    <controlfield tag="005">20240704022439</controlfield>
    <datafield tag="035" ind1="#" ind2="#">
      <subfield code="a">0010-0718001392</subfield>
    </datafield>
    <controlfield tag="008">240704################g##########0#ind##</controlfield>
    <datafield tag="020" ind1="#" ind2="#">
      <subfield code="a">978 602 289 025 6</subfield>
    </datafield>
    <datafield tag="041" ind1=" " ind2=" ">
      <subfield code="a">id</subfield>
    </datafield>
    <datafield tag="082" ind1="#" ind2="#">
      <subfield code="a">353.46</subfield>
    </datafield>
    <datafield tag="090" ind1=" " ind2=" ">
      <subfield code="a">353.46 Sya p</subfield>
    </datafield>
    <datafield tag="100" ind1=" " ind2="#">
      <subfield code="a">Syarbini , Amirullah</subfield>
    </datafield>
    <datafield tag="700" ind1=" " ind2="#">
      <subfield code="a">Arbain, Muhammad</subfield>
    </datafield>
    <datafield tag="245" ind1="1" ind2="#">
      <subfield code="a">Pendidikan anti Korupsi :</subfield>
      <subfield code="b">Konsep, Strategi, dan Implementasi Pendidikan Anti Korupsi di Sekolah/madrasah /</subfield>
      <subfield code="c">Amirulloh Syarbini</subfield>
    </datafield>
    <datafield tag="250" ind1="#" ind2="#">
      <subfield code="a">ed.1</subfield>
    </datafield>
    <datafield tag="260" ind1="#" ind2="#">
      <subfield code="a">Bandung :</subfield>
      <subfield code="b">Albeta,</subfield>
      <subfield code="c">2014</subfield>
    </datafield>
    <datafield tag="300" ind1="#" ind2="#">
      <subfield code="a">xii, 172 hlm. :</subfield>
      <subfield code="b">ilus ;</subfield>
      <subfield code="c">24 cm</subfield>
    </datafield>
    <datafield tag="650" ind1=" " ind2="4">
      <subfield code="a">Korupsi</subfield>
    </datafield>
    <datafield tag="084" ind1="#" ind2="#">
      <subfield code="a">353.46 Sya p</subfield>
    </datafield>
    <datafield tag="520" ind1="#" ind2="#">
      <subfield code="a">Maraknya praktik korupsi di Indonesia diyakini selain karena lemahnya penegakan hukum terhadap para koruptor, juga disebabkan kurang tepatnya penerapan strategi pemberantasan korupsi. Selama ini penanganan terhadap korupsi lebih banyak dilakukan dalam bentuk tindakan represif, yaitu tindakan memberikan hukuman dengan menahan para koruptor. Tindakan ini dinilai oleh banyak kalangan kurang begitu efektif untuk memberantas korupsi. buktinya setiap tahun semakin banyak saja para pejabat yang melakukan korupsi. Mereka seolah-olah tidak jera dengan hukuman penjara yang dierikan kepada para koruptor di Indonesia selama ini dinilai masih sangat ringan jika dibandingkan dengan negara lain. Oleh karena itu, diperlukan strategi lain dalam melawan korupsi, salah satunya melalui tindakan preventif, yaitu segala tindakan yang berjutuan mencegah terjadinya korupsi. Tindakan preventif yang dianggap paling efektif untuk mencegah praktik korupsi adalah melalui jalur pendidikan. Buku ini bermaksud menjelaskan pendidikan antikorupsi dari pelbagai aspeknya. Di dalamnya dibahas mengenai; konsep dasar pendidikan antikorupsi, kurikulum, metode, dan strategi implementasi pendidikan antikorupsi, dan evaluasi pendidikan antikorupsi. Dengan melihat pembahasannya yang begitu lengkap, tampaknya tidak berlebihan jika buku ini menjadi bacaan wajib semua orang yang menginginkan praktik korupsi segera lenyap dari negara Indonesia.</subfield>
    </datafield>
    <datafield tag="856" ind1="#" ind2="#">
      <subfield code="a">Perpustakaan Lembaga Administrasi Negara antikorupsi</subfield>
    </datafield>
    <datafield tag="990" ind1="#" ind2="#">
      <subfield code="a">160518336</subfield>
    </datafield>
    <datafield tag="990" ind1="#" ind2="#">
      <subfield code="a">160518337</subfield>
    </datafield>
  </record>
</collection>
